| 000 | 00607nam a2200205Ia 4500 | ||
|---|---|---|---|
| 008 | 131103s9999 xx 000 0 und d | ||
| 020 |
_a415343895 _cGBP 17.99 |
||
| 040 | _aLoreto College | ||
| 041 | _aEnglish | ||
| 082 |
_a327.06/PET _bLCLIB/45114 |
||
| 100 | _aPeterson, M.J. | ||
| 245 | 4 |
_aThe UN General Assembly _cM.J. Peterson |
|
| 260 |
_aLondon and New York _bRoutledge _c2006 |
||
| 300 |
_axii,160p _c 23 cm |
||
| 440 | _aGlobal Institutions | ||
| 504 | _aIncludes bibliographical references and index | ||
| 650 | _aUnited Nations Organization | ||
| 850 | _aLCLIB/327.06/PET | ||
| 942 | _cBK | ||
| 999 |
_c15399 _d65878 |
||